| 000 | 00776cam a22002298i 4500 | ||
|---|---|---|---|
| 999 |
_c57769 _d57769 |
||
| 001 | 20757990 | ||
| 005 | 20201105142145.0 | ||
| 008 | 181127s2019 enk b 001 0 eng | ||
| 020 | _a9781138541948 (pbk) | ||
| 041 | _aeng | ||
| 080 | _a341.176.2 D-26 | ||
| 100 | 1 |
_aDavies, Karen _c(Law teacher), _eauthor. _99731 |
|
| 245 | 1 | 0 |
_aUnderstanding European Union law / _cKaren Davies. |
| 250 | _aSeventh edition. | ||
| 264 | 1 |
_aLondon : _bRoutledge, _c2019. |
|
| 300 |
_a201 p. _b23 cm. |
||
| 650 | 0 |
_aLaw _zEuropean Union countries. _99670 |
|
| 653 | _aევროკავშირის ქვეყნები | ||
| 653 | _aსამართალი | ||
| 942 |
_2udc _cBK |
||
| 955 |
_bxg31 2018-11-27 _ixg31 2018-11-27 to xg08 for review _axg08 2018-11-28 (to DEWEY) |
||